La leyenda de los Infantes de Lara / (Record n. 20600)
[ formato base ]
| 000 -LEADER | |
|---|---|
| fixed length control field | 00868nam a2200253 i 4500 |
| 003 - CONTROL NUMBER IDENTIFIER | |
| control field | IT-RoINE |
| 005 - DATE AND TIME OF LATEST TRANSACTION | |
| control field | 20200504130208.0 |
| 008 - FIXED-LENGTH DATA ELEMENTS--GENERAL INFORMATION | |
| fixed length control field | 930725r19711896sp |r 1| spa|d |
| 040 ## - CATALOGING SOURCE | |
| Original cataloging agency | SpMaBN |
| Transcribing agency | A2 IT-RoINE |
| 100 1# - MAIN ENTRY--PERSONAL NAME | |
| Personal name | Menéndez Pidal, Ramón, |
| Dates associated with a name | 1869-1968 |
| 9 (RLIN) | 645 |
| 245 13 - TITLE STATEMENT | |
| Title | La leyenda de los Infantes de Lara / |
| Statement of responsibility, etc | R. Menéndez Pidal. |
| 250 ## - EDITION STATEMENT | |
| Edition statement | 3ª ed. |
| 260 ## - PUBLICATION, DISTRIBUTION, ETC. (IMPRINT) | |
| Place of publication, distribution, etc | Madrid : |
| Name of publisher, distributor, etc | Espasa-Calpe, |
| Date of publication, distribution, etc | 1971. |
| 300 ## - PHYSICAL DESCRIPTION | |
| Extent | XVI, 613 p. ; |
| Dimensions | 24 cm. |
| 336 ## - CONTENT TYPE | |
| Source | rdacontent |
| Content type term | text |
| 337 ## - MEDIA TYPE | |
| Source | rdamedia |
| Media type term | unmediated |
| 338 ## - CARRIER TYPE | |
| Source | rdacarrier |
| Carrier type term | volume |
| 490 1# - SERIES STATEMENT | |
| Series statement | Obras Completas de R. Menéndez Pidal ; |
| Volume number/sequential designation | 1 |
| 500 ## - GENERAL NOTE | |
| General note | Incluye ìndice. |
| 504 ## - BIBLIOGRAPHY, ETC. NOTE | |
| Bibliography, etc | Incluye referencias bibliogràficas en notas. |
| 534 ## - ORIGINAL VERSION NOTE | |
| Introductory phrase | Reprod. de la ed. príncipe de: |
| Publication, distribution, etc | 1896 adicionada con una tercera parte |
| 830 #0 - SERIES ADDED ENTRY--UNIFORM TITLE | |
| 9 (RLIN) | 40670 |
| Uniform title | Obras completas de R. Menéndez Pidal |
| Volume number/sequential designation | 1 |
| 942 ## - ADDED ENTRY ELEMENTS (KOHA) | |
| Item type | Monografías |
| Withdrawn status | Lost status | Damaged status | Not for loan | Home library | Current library | Date acquired | Total Checkouts | Full call number | Barcode | Date last seen | Price effective from | Koha item type |
|---|---|---|---|---|---|---|---|---|---|---|---|---|
| Iglesia Nacional Española en Roma | Iglesia Nacional Española en Roma | 19/10/2017 | COL.C 40.1 | 45051 | 19/10/2017 | 19/10/2017 | Monografías |